| 000 | 00533nam a22001817a 4500 | ||
|---|---|---|---|
| 003 | NUST - PNEC | ||
| 005 | 20170116181204.0 | ||
| 008 | 160223b xxu||||| |||| 00| 0 eng d | ||
| 020 | _a- | ||
| 040 | _cLIBRARY | ||
| 082 | _a327 KIS | ||
| 100 |
_916598 _aKissinger, Henry |
||
| 245 |
_aWorld Order: Reflections on the character of Nations and the course of history _cHenery Kissinger |
||
| 260 |
_aRawalpindi: _bServices Book Club _c2014 |
||
| 300 | _a420 pages | ||
| 650 |
_916614 _aForeign Affairs _xGeneral |
||
| 942 |
_2ddc _cBK |
||
| 999 |
_c71576 _d71576 |
||